|
|
|
|
| LEADER |
00000nam0a2200000 4500 |
| 001 |
123594 |
| 005 |
20231101215821.0 |
| 010 |
|
|
|a 512009306X
|
| 020 |
|
|
|a RU
|b 88-22341
|
| 035 |
|
|
|a (RuTPU)RU\TPU\book\133778
|
| 090 |
|
|
|a 123594
|
| 100 |
|
|
|a 20071020d1988 k y0rusy5003 ca
|
| 101 |
0 |
|
|a rus
|
| 102 |
|
|
|a UA
|
| 105 |
|
|
|a a z 001zy
|
| 200 |
1 |
|
|a Спектроскопия дефектов в молекулярных кристаллах
|f Н. И. Остапенко, В. И. Сугаков, М. Т. Шпак
|g Академия наук Украинской ССР, Институт физики
|
| 210 |
|
|
|a Киев
|c Наукова думка
|d 1988
|
| 215 |
|
|
|a 183,[1] с.
|c ил.
|
| 320 |
|
|
|a Библиогр.: с. 170-184.
|
| 606 |
1 |
|
|a Кристаллы молекулярные
|x Дефекты
|2 stltpush
|3 (RuTPU)RU\TPU\subj\16473
|9 42465
|
| 610 |
1 |
|
|a молекулярные кристаллы
|
| 610 |
1 |
|
|a дефекты
|
| 610 |
1 |
|
|a спектроскопия
|
| 610 |
1 |
|
|a локальные экситоны
|
| 610 |
1 |
|
|a теория
|
| 610 |
1 |
|
|a экспериментальные исследования
|
| 610 |
1 |
|
|a оптические спектры
|
| 610 |
1 |
|
|a поверхностные экситоны
|
| 675 |
|
|
|a 548.4
|v 3
|
| 700 |
|
1 |
|a Остапенко
|b Н. И.
|g Нина Ивановна
|4 070
|
| 701 |
|
1 |
|a Сугаков
|b В. И.
|g Владимир Иосифович
|
| 701 |
|
1 |
|a Шпак
|b М. Т.
|g Марат Терентьевич
|
| 712 |
0 |
2 |
|a Академия наук Украинской ССР
|b Институт физики
|2 stltpush
|3 (RuTPU)RU\TPU\col\11281
|9 25468
|
| 801 |
|
0 |
|a RU
|b RuMRKP
|c 19950417
|g psbo
|
| 801 |
|
1 |
|a RU
|b 63413507
|c 20071020
|g PSBO
|
| 801 |
|
2 |
|a RU
|b 63413507
|c 20200819
|g PSBO
|
| 942 |
|
|
|c BK
|